New Rules - Dua Lipa (All Lyrics) - Statistics

General Stats
  • This quiz has been taken 4,061 times
  • The average score is 343 of 437
Answer Stats
Lyrics % Correct
I
99%
(I
99%
I.
99%
Oh,
98%
do,
97%
do.
97%
in
96%
in.
96%
in,
96%
the
96%
don't
95%
Don't
95%
One,
95%
You
95%
you
95%
rules,
94%
Two,
94%
he
93%
up
93%
and
92%
And
92%
be
92%
got
92%
him
92%
him,
92%
him.
92%
new
92%
phone.
92%
Three,
91%
to
91%
let
90%
pick
90%
drunk
89%
know
89%
(Out
89%
out
89%
out.
89%
alone.
88%
his
87%
morning.
86%
bed
85%
friend.
85%
friend,
85%
he's
85%
my
85%
'em.
84%
again.
83%
calling
83%
have
82%
kick
82%
only
82%
over
82%
wake
81%
you're
81%
'cause
79%
if
79%
myself
79%
myself,
79%
myself.
79%
getting
78%
gonna
77%
ain't
75%
me.
75%
me
75%
me,
75%
count
74%
under
74%
of
73%
mind,
72%
mind.)
72%
sleep
70%
them
70%
love,
69%
love
69%
no
69%
no.)
69%
crazy.
68%
I've
68%
it
67%
it,
67%
it.
67%
night.
67%
Talkin'
67%
tell
67%
at
66%
Makin'
65%
So
64%
so
64%
But
55%
but
55%
doesn't
55%
(Too
54%
too
54%
makes
53%
else.
51%
like
51%
many
51%
nobody
51%
Nobody
51%
times,
51%
times.)
51%
save
49%
would
49%
Hopin'
48%
gotta
47%
feel
46%
down
45%
I'm
43%
read
40%
Wrote
40%
keep
38%
back
37%
learn,
37%
learn.)
37%
learn
37%
never
34%
perfect,
32%
pushin'
32%
backwards.
31%
keeps
30%
Now
30%
Practice
30%
pullin'
30%
see
30%
still
28%
tryna
28%
forwards,
25%
repeat
25%
finally
24%
pattern.
24%
Eat,
20%
turn,
20%
from
19%
by
18%
(Nowhere
18%
Rehearse
18%
heart.
17%
breathe
15%
standing
13%
way.)
13%
No matching quizzes found
Score Distribution
Percent of People with Each Score
Percentile by Number Answered
Your Score History
You have not taken this quiz